000 00865cam a2200193 i 4500
999 _c7785
_d7785
003 OSt
005 20200521122515.0
008 141118s2014 sz a b 001 0 eng
020 _a9783764377281 (hardcover : alk. paper)
082 0 0 _a729.28BOU
_223
100 1 _aBoubekri, Mohamed,
_d1959-
245 1 0 _aDaylighting design :
_bplanning strategies and best practice solutions /
_cMohamed Boubekri ; with an introduction by Christian Bartenbach and Mohamed Boubekri.
300 _a175 pages :
_billustrations ;
_c29 cm
504 _aIncludes bibliographical references (pages 170-173) and index.
505 0 _aEconomics of daylighting -- Daylighting and health -- Daylighting metrics -- Daylighting performance of side-wall windows -- Strategies and systems performance -- Case studies.
650 0 _aDaylighting.
650 0 _aLight in architecture.
942 _2ddc